[Event "Challenge"]
[Site "http://www.queenalice.com/game.php?id=1868361"]
[Date "2026.1.23"]
[Round "-"]
[White "PRZ"]
[Black "ajr"]
[Result "1-0"]
[WhiteElo "1481"]
[BlackElo "1639"]

1. d4 d5 2. g3 h6 3. c4 dxc4 4. Qa4+ c6 5. Qxc4 Nf6 6. Nf3 e6 7. Nc3 b5 8. Qd3
Bb4 9. a3 Bxc3+ 10. bxc3 O-O 11. Rg1 a5 12. g4 Re8 13. g5 g6 14. gxf6 Qxf6 15.
h4 Kg7 16. Ne5 Nd7 17. Bxh6+ Kxh6 18. Ng4+ Kg7 19. Nxf6 Nxf6 20. e4 e5 21. d5
Bd7 22. Be2 c5 23. h5 1-0

[Event "Challenge"]
[Site "http://www.queenalice.com/game.php?id=1868363"]
[Date "2026.1.23"]
[Round "-"]
[White "PRZ"]
[Black "tche_elvio"]
[Result "0-1"]
[WhiteElo "1495"]
[BlackElo "1604"]

1. b3 e5 2. Bb2 Nc6 3. e4 Nf6 4. Qf3 Bc5 5. Qg3 Nxe4 6. Qxg7 Bxf2+ 7. Kd1 Qf6 8.
Qg4 Bd4 9. c3 Nf2+ 10. Kc2 Nxg4 11. cxd4 Nb4+ 0-1